| 000 | 00874nam a2200217Ia 4500 | ||
|---|---|---|---|
| 003 | Ost | ||
| 005 | 20260507075027.0 | ||
| 008 | 260507s9999||||xx |||||||||||||| ||und|| | ||
| 040 | _cfsecg | ||
| 041 | _aara | ||
| 082 | _a330 | ||
| 100 |
_aرشوان، حسين عبد الحميد أحمد _eمؤلف |
||
| 245 | 0 |
_aالقانون والمجتمع : _bدراسة في علم الإجتماع القانوني / _c حسين عبد الحميد أحمد رشوان |
|
| 260 |
_aالإسكندرية: _bالمكتب الجامعي الحديث, _c2003 |
||
| 300 |
_a261 صفحة؛ _bإيضاحات ؛ _c24 سم |
||
| 520 | _aالقانون- علم الإجتماع القانوني- القانون والمجتمع | ||
| 653 | _aالاجتماع القانوني، علم | ||
| 653 | _aالعلوم الاجتماعية | ||
| 653 | _aالقانون | ||
| 942 | _cكتاب | ||
| 999 |
_c42341 _d42341 |
||